[Event "61. BEM 2007"]
[Site "Dortmund"]
[Date "2007.03.06"]
[Round "5.18"]
[White "Grewe, Markus"]
[Black "Dörre, Niels"]
[Result "1/2-1/2"]
[WhiteElo "1766"]
[BlackElo "1374"]
[PlyCount "67"]
[EventDate "2007.??.??"]
[Source "SG Dortmund"]
[SourceDate "2004.12.16"]

1. e4 c6 2. d4 d5 3. exd5 cxd5 4. c4 e6 5. Nc3 Nf6 6. Nf3 Be7 7. cxd5 exd5 8.
Bd3 Nc6 9. h3 O-O 10. O-O Nb4 11. Bf4 Nxd3 12. Qxd3 a6 13. Rfe1 Re8 14. Be5 h6
15. Bxf6 Bxf6 16. Rxe8+ Qxe8 17. Nxd5 Qc6 18. Nxf6+ Qxf6 19. Re1 Be6 20. b3 Rd8
21. Re3 Bd5 22. Ne5 Rc8 23. Qd2 Qg5 24. f3 Rc2 25. Qxc2 Qxe3+ 26. Kh1 Qxd4 27.
Nd7 Bc6 28. Nc5 a5 29. Ne4 g6 30. Qe2 Kg7 31. Ng3 b5 32. Qc2 Bd5 33. Ne2 Qa7
34. Kh2 1/2-1/2

[Event "61. BEM 2007"]
[Site "Dortmund"]
[Date "2007.03.06"]
[Round "5.19"]
[White "Krüger, Inge"]
[Black "Schultz, Bernfried"]
[Result "0-1"]
[WhiteElo "1253"]
[BlackElo "1708"]
[PlyCount "102"]
[EventDate "2007.??.??"]
[Source "SG Dortmund"]
[SourceDate "2004.12.16"]

1. d4 Nf6 2. c4 e6 3. Nc3 Bb4 4. Qc2 c5 5. Nf3 Nc6 6. e3 d5 7. cxd5 Nxd5 8. Bd2
cxd4 9. exd4 O-O 10. Be2 Nf6 11. Be3 a6 12. O-O h6 13. h3 Qd6 14. Rfd1 Rd8 15.
Ne4 Nxe4 16. Qxe4 Ne7 17. Rac1 Nd5 18. a3 Ba5 19. Ne5 Bc7 20. Nf3 Bd7 21. Bd2
Bc6 22. Qc2 Rac8 23. Qc5 Nf4 24. Qxd6 Nxe2+ 25. Kf1 Rxd6 26. Kxe2 Bxf3+ 27.
Kxf3 Rxd4 28. Ke3 Rxd2 29. Rxc7 Rxc7 30. Rxd2 f6 31. g4 Kf7 32. f4 g6 33. h4
Ke7 34. a4 Rc1 35. b4 Rc4 36. Rb2 g5 37. hxg5 hxg5 38. fxg5 fxg5 39. Kf3 e5 40.
Re2 Ke6 41. Rb2 Kd5 42. Rd2+ Rd4 43. Rb2 Kc4 44. b5 a5 45. b6 Rf4+ 46. Kg3 e4
47. Rb5 e3 48. Rf5 Rxf5 49. gxf5 Kd3 50. f6 e2 51. f7 e1=Q+ 0-1

[Event "61. BEM 2007"]
[Site "Dortmund"]
[Date "2007.03.06"]
[Round "5.21"]
[White "Flierdl, Lothar"]
[Black "Schaefer, Ulrich"]
[Result "1-0"]
[WhiteElo "1646"]
[BlackElo "1347"]
[PlyCount "73"]
[EventDate "2007.??.??"]
[Source "SG Dortmund"]
[SourceDate "2004.12.16"]

1. e4 e5 2. Nf3 Nf6 3. d3 Nc6 4. Nbd2 d5 5. exd5 Nxd5 6. g3 Bc5 7. c3 O-O 8.
Bg2 Be6 9. O-O Qd7 10. Re1 f6 11. Qc2 Bh3 12. Bh1 Rae8 13. Ne4 Bb6 14. b4 a6
15. a3 Qg4 16. Qb3 Qe6 17. c4 Nde7 18. Bb2 Kh8 19. Qc2 Ng6 20. c5 Ba7 21. Ned2
Rd8 22. Rad1 Rd7 23. d4 Bf5 24. Qc1 Rfd8 25. dxe5 Ngxe5 26. Nxe5 fxe5 27. Nf3
Bg4 28. Rxd7 Rxd7 29. Nxe5 Nxe5 30. Bxe5 Qb3 31. Qf4 h5 32. Be4 Rf7 33. Qh6+
Kg8 34. Qh7+ Kf8 35. Qh8+ Ke7 36. Bg6 Rf8 37. Qxg7+ 1-0

[Event "61. BEM 2007"]
[Site "Dortmund"]
[Date "2007.03.06"]
[Round "5.22"]
[White "Noori, Mir Ahmad"]
[Black "Ackerhans, Gerd"]
[Result "0-1"]
[WhiteElo "1601"]
[BlackElo "1476"]
[PlyCount "124"]
[EventDate "2007.??.??"]
[Source "SG Dortmund"]
[SourceDate "2004.12.16"]

1. d4 c6 2. Nf3 d5 3. a3 Nf6 4. Nbd2 Nbd7 5. b3 g6 6. Bb2 Bg7 7. e3 O-O 8. Be2
Qc7 9. c4 e6 10. cxd5 exd5 11. O-O Re8 12. Rc1 a6 13. b4 Qd6 14. Nb3 b6 15. Bd3
Bb7 16. Qe2 b5 17. Qc2 Rac8 18. Na5 Ba8 19. Qb3 Nb6 20. Bb1 Nfd7 21. Qc2 Nc4
22. Nb3 Bh6 23. Rfe1 Bf8 24. Nc5 Nxc5 25. dxc5 Qe7 26. Ba2 Nxb2 27. Qxb2 Bg7
28. Qd2 Rc7 29. Re2 Qf6 30. Bb1 Rce7 31. Ree1 Qe6 32. Bd3 Bh6 33. Nd4 Qf6 34.
Be2 Rxe3 35. Qd1 R3e4 36. Nb3 Bxc1 37. Nxc1 Qa1 38. Qd2 Qxa3 39. Kf1 Qxb4 40.
Qa2 Qc4 41. Qd2 Qxc5 42. g3 Qe7 43. Nd3 c5 44. Nf4 d4 45. Ra1 Bb7 46. Bf3 Rxf4
47. Qxf4 Bxf3 48. Qxf3 Qe6 49. Qb7 Qe4 50. Qxe4 Rxe4 51. Rxa6 Re6 52. Ra5 Rb6
53. Ke2 c4 54. Kd2 d3 55. Kc3 Kg7 56. g4 Kf6 57. Ra1 Ke5 58. Re1+ Kf4 59. Re7
Kxg4 60. Rxf7 Rd6 61. h3+ Kg5 62. Rf3 d2 0-1

[Event "61. BEM 2007"]
[Site "Dortmund"]
[Date "2007.03.06"]
[Round "5.23"]
[White "Raskin, Vitali"]
[Black "Clausen, Dirk"]
[Result "1-0"]
[WhiteElo "1678"]
[BlackElo "1370"]
[PlyCount "131"]
[EventDate "2007.??.??"]
[Source "SG Dortmund"]
[SourceDate "2004.12.16"]

1. e4 e5 2. Nf3 Nc6 3. Bb5 d6 4. O-O Nf6 5. Nc3 a6 6. Ba4 b5 7. Bb3 b4 8. Nd5
Be6 9. Re1 Bxd5 10. exd5 Na7 11. Ba4+ Nb5 12. c4 bxc3 13. dxc3 Nd7 14. c4 Na7
15. Nd4 Be7 16. Nf5 g6 17. Ng7+ Kf8 18. Bh6 Kg8 19. Qg4 Nf6 20. Qg3 Bf8 21. Nf5
Bxh6 22. Nxh6+ Kg7 23. Nf5+ Kf8 24. Ne3 Nh5 25. Qf3 Nf4 26. g3 Nh3+ 27. Kg2 Ng5
28. Qg4 f5 29. Nxf5 gxf5 30. Qxf5+ Nf7 31. f4 Kg7 32. fxe5 Nxe5 33. Rxe5 dxe5
34. Qxe5+ Kh6 35. Qe6+ Kg7 36. Qg4+ Kh6 37. Re1 Rg8 38. Re6+ Rg6 39. Qh3+ Kg7
40. Re8 Qxe8 41. Bxe8 Rxe8 42. Qd7+ Kf8 43. Qxh7 Rg7 44. Qh6 Nc8 45. Qxa6 Nd6
46. c5 Nf5 47. Qd3 Ne3+ 48. Kg1 Rf7 49. h4 Rf1+ 50. Kh2 Ng4+ 51. Kg2 Ne3+ 52.
Kh2 Rf2+ (52... Ng4+ 53. Kg2 Ne3+ (53... Rf2+) 54. Kh2 Ng4+ 55. Kg2 Ne3+) 53.
Kh3 Rxb2 54. d6 cxd6 55. Qxd6+ Kf7 56. Qf4+ Kg8 57. Qg5+ Kf7 58. Qh5+ Ke7 59.
Qe5+ Kd7 60. Qxb2 Nd5 61. Qb5+ Kd8 62. Qb8+ Kd7 63. Qd6+ Kc8 64. Qxd5 Rd8 65.
Qxd8+ Kxd8 66. h5 1-0

[Event "61. BEM 2007"]
[Site "Dortmund"]
[Date "2007.03.06"]
[Round "5.24"]
[White "Stepke, Horst P"]
[Black "Wodzinski, Kristin"]
[Result "1-0"]
[WhiteElo "1636"]
[BlackElo "1057"]
[PlyCount "59"]
[EventDate "2007.??.??"]
[Source "SG Dortmund"]
[SourceDate "2004.12.16"]

1. e4 c5 2. Nf3 d6 3. Nc3 Nf6 4. d4 cxd4 5. Nxd4 a6 6. Be3 e5 7. Nb3 Be6 8. Bd3
Be7 9. O-O O-O 10. Kh1 Ng4 11. Nd5 Nxe3 12. Nxe3 Nd7 13. f4 exf4 14. Rxf4 Bg5
15. Rf3 Ne5 16. Nd4 Nxf3 17. Qxf3 Qb6 18. Nef5 Bxf5 19. Nxf5 g6 20. Qg4 Qxb2
21. Rf1 Bd8 22. h4 h5 23. Qg3 Qe5 24. Nh6+ Kg7 25. Nf5+ Kh7 26. Qe3 gxf5 27.
Rxf5 Qe6 28. Rxh5+ Kg7 29. e5 Qg4 30. Qh6+ 1-0

[Event "61. BEM 2007"]
[Site "Dortmund"]
[Date "2007.03.06"]
[Round "5.25"]
[White "Schröder, Marcel"]
[Black "Benke, Werner"]
[Result "0-1"]
[WhiteElo "1440"]
[BlackElo "1501"]
[PlyCount "60"]
[EventDate "2007.??.??"]
[Source "SG Dortmund"]
[SourceDate "2004.12.16"]

1. e4 e6 2. d4 d5 3. e5 Ne7 4. Bg5 c5 5. c3 Qc7 6. Bb5+ Bd7 7. Bxd7+ Nxd7 8.
Bxe7 Bxe7 9. Nf3 cxd4 10. cxd4 Bb4+ 11. Nbd2 Rc8 12. O-O O-O 13. a3 Bxd2 14.
Qxd2 Nb6 15. Qa5 Qb8 16. b3 h6 17. Rac1 Rfd8 18. Nd2 Kh7 19. f4 g6 20. Nb1 Nd7
21. Nc3 a6 22. Na4 Qa7 23. Nc5 Nxc5 24. Rxc5 b6 25. Rxc8 Rxc8 26. Qb4 Qc7 27.
h3 b5 28. g4 Qc3 29. Kh2 Qd3 30. Rf2 Rc3 0-1

[Event "61. BEM 2007"]
[Site "Dortmund"]
[Date "2007.03.06"]
[Round "5.27"]
[White "Zabel, Reinhard"]
[Black "Gennat, Egon L"]
[Result "1/2-1/2"]
[WhiteElo "1427"]
[BlackElo "1518"]
[PlyCount "124"]
[EventDate "2007.??.??"]
[Source "SG Dortmund"]
[SourceDate "2004.12.16"]

1. e4 e6 2. d4 d5 3. exd5 exd5 4. Nf3 Bd6 5. Nc3 c6 6. Be2 Bf5 7. O-O Ne7 8.
Re1 Nd7 9. Bg5 f6 10. Bh4 O-O 11. Bg3 Qc7 12. Bxd6 Qxd6 13. Nh4 Be6 14. Bd3 f5
15. Nf3 Ng6 16. Ng5 Nf4 17. Ne2 Nxd3 18. Qxd3 Rf6 19. Ng3 Raf8 20. Re2 h6 21.
Nxe6 Rxe6 22. Rae1 Rxe2 23. Qxe2 Qf6 24. Qe6+ Qxe6 25. Rxe6 Kf7 26. Re1 g6 27.
f3 Nb6 28. b3 Nc8 29. a4 Nd6 30. Kf2 Re8 31. Rxe8 Nxe8 32. Ne2 Nd6 33. Nc3 Kf6
34. h4 f4 35. Ne2 Nf5 36. c3 g5 37. hxg5+ hxg5 38. g4 Ne3 39. Kg1 a5 40. Kf2 b6
41. Kg1 b5 42. Kf2 bxa4 43. bxa4 Nd1+ 44. Ke1 Nb2 45. Kd2 Nxa4 46. Kc2 Nb6 47.
Kb3 Nc4 48. Ng1 Ke6 49. Ka4 Kd6 50. Nh3 Ke6 51. Nxg5+ Kf6 52. Nh3 Kg6 53. Nxf4+
Kf6 54. Nh3 Kg6 55. f4 Kf6 56. f5 Ne3 57. g5+ Kxf5 58. Kxa5 Nd1 59. Kb4 Ne3 60.
Kc5 Nd1 61. c4 dxc4 62. Kxc4 Ne3+ 1/2-1/2

[Event "61. BEM 2007"]
[Site "Dortmund"]
[Date "2007.03.06"]
[Round "5.28"]
[White "Pachura, Karl-Heinz"]
[Black "Milonas, Georgios"]
[Result "1/2-1/2"]
[WhiteElo "1332"]
[BlackElo "1398"]
[PlyCount "93"]
[EventDate "2007.??.??"]
[Source "SG Dortmund"]
[SourceDate "2004.12.16"]

1. Nf3 c5 2. g3 g6 3. Bg2 Bg7 4. O-O Nc6 5. c3 d6 6. d3 Nf6 7. h3 O-O 8. Na3
Bd7 9. Bd2 h6 10. Qc1 Kh7 11. Rb1 Rb8 12. Kh2 e5 13. e4 b5 14. Be3 b4 15. Nc4
Qc7 16. b3 a5 17. Ncd2 d5 18. Bxc5 bxc3 19. Bxf8 cxd2 20. Nxd2 dxe4 21. Bxg7
Kxg7 22. Nxe4 Nxe4 23. Bxe4 Qd6 24. f4 Nb4 25. fxe5 Qxe5 26. Qf4 Qxf4 27. Rxf4
Nxa2 28. Ra1 Nc3 29. Rxa5 Nxe4 30. dxe4 Rxb3 31. Ra2 Be6 32. Raf2 Rb4 33. e5
Rb5 34. Re4 Bd5 35. Re3 Be6 36. Re1 h5 37. Rd2 Rb8 38. Rf2 Rc8 39. Rd2 Rb8 40.
Rf2 Rc8 41. Rb2 Rd8 42. Rf2 Rc8 43. Rb2 Rd8 44. Rf2 Rc8 45. Rb2 Rd8 46. Rf2 Rc8
47. Rd2 1/2-1/2

[Event "61. BEM 2007"]
[Site "Dortmund"]
[Date "2007.03.06"]
[Round "5.29"]
[White "Eickmann, Martin"]
[Black "Rutmann, Ulrich"]
[Result "0-1"]
[WhiteElo "778"]
[BlackElo "1367"]
[PlyCount "36"]
[EventDate "2007.??.??"]
[Source "SG Dortmund"]
[SourceDate "2004.12.16"]

1. e4 d6 2. Nc3 Nf6 3. g3 g6 4. Bg2 Bg7 5. d3 Nc6 6. Nf3 Bg4 7. Bg5 O-O 8. O-O
Nd4 9. Nxd4 Bxd1 10. Raxd1 c6 11. Rfe1 Qb6 12. Be3 Qxb2 13. Rb1 Qxc3 14. Rxb7
Qxe1+ 15. Bf1 Ng4 16. h3 Nxe3 17. Nf3 Qxf1+ 18. Kh2 Qg2# 0-1

[Event "61. BEM 2007"]
[Site "Dortmund"]
[Date "2007.03.06"]
[Round "5.30"]
[White "Marienfeld, Udo"]
[Black "Hast, Stefan"]
[Result "0-1"]
[WhiteElo "1349"]
[BlackElo "1161"]
[PlyCount "150"]
[EventDate "2007.??.??"]
[Source "SG Dortmund"]
[SourceDate "2004.12.16"]

1. e4 e5 2. Nf3 Nc6 3. d4 exd4 4. Nxd4 Bc5 5. Be3 Qf6 6. c3 Nge7 7. Nb5 Bxe3 8.
fxe3 Qe5 9. Bd3 a6 10. Nd4 O-O 11. O-O Qg5 12. Qf3 Ne5 13. Qe2 d5 14. Nf3 Nxf3+
15. Qxf3 Bg4 16. Qg3 dxe4 17. Bxe4 f5 18. Bd3 Rad8 19. Bc4+ Nd5 20. h3 Kh8 21.
Bxd5 Rxd5 22. hxg4 Rd3 23. Na3 Rxe3 24. Qf4 Qxf4 25. Rxf4 Re4 26. Rxf5 Kg8 27.
Rxf8+ Kxf8 28. Rf1+ Ke7 29. g5 Rg4 30. Rf5 Ke6 31. Rc5 Kd6 32. Rc4 Rxg5 33.
Rd4+ Ke6 34. Nc4 b6 35. Re4+ Kd5 36. Rd4+ Ke6 37. Nd2 h5 38. Nf3 Ra5 39. a3 g6
40. Kf2 Rf5 41. Rc4 c5 42. Ke3 Kd5 43. Re4 g5 44. Re8 g4 45. Nh4 Rf1 46. b3
Re1+ 47. Kf4 Rxe8 48. Nf5 Rf8 49. Kg5 Ke5 50. Ng7 Rg8 51. Kh6 Rxg7 52. Kxg7 Kf5
53. Kh6 Kf4 54. Kxh5 b5 55. Kh4 g3 56. Kh3 c4 57. b4 Ke3 58. Kxg3 Kd3 59. Kf3
Kxc3 60. g4 Kb3 61. g5 c3 62. g6 c2 63. g7 c1=Q 64. g8=Q+ Kxa3 65. Qe6 Qc3+ 66.
Ke2 Qc4+ 67. Qxc4 bxc4 68. Kd2 Kxb4 69. Kc2 a5 70. Kb2 a4 71. Ka2 c3 72. Kb1
Kb3 73. Ka1 a3 74. Kb1 c2+ 75. Kc1 a2 0-1

[Event "61. BEM 2007"]
[Site "Dortmund"]
[Date "2007.03.06"]
[Round "5.31"]
[White "Bötzel, Sascha"]
[Black "Dedeck, Sylvia"]
[Result "1-0"]
[WhiteElo "1333"]
[BlackElo "1034"]
[PlyCount "71"]
[EventDate "2007.??.??"]
[Source "SG Dortmund"]
[SourceDate "2004.12.16"]

1. d4 Nf6 2. c4 g6 3. Nc3 Bg7 4. e4 d6 5. Nf3 Nbd7 6. Be2 O-O 7. O-O c6 8. a4
a5 9. Be3 b6 10. e5 dxe5 11. dxe5 Ng4 12. Bf4 Ngxe5 13. Nxe5 Nxe5 14. Qc2 Bf5
15. Qb3 Rb8 16. Rfd1 Qc8 17. Rd2 Rb7 18. Rad1 Rd7 19. Qxb6 Rxd2 20. Rxd2 Be6
21. Bxe5 Bxe5 22. Qxa5 Qb8 23. g3 Bc7 24. Qc5 Rd8 25. Rxd8+ Bxd8 26. b4 Qc8 27.
Bf3 Bd7 28. Ne2 Qc7 29. Nd4 Qd6 30. Qxd6 exd6 31. Bxc6 Be6 32. Nb5 Be7 33. Bd5
Bd7 34. a5 Kf8 35. a6 Bxb5 36. a7 1-0

[Event "61. BEM 2007"]
[Site "Dortmund"]
[Date "2007.03.06"]
[Round "5.32"]
[White "Müller, Michaela"]
[Black "Kiauka, Richard"]
[Result "1/2-1/2"]
[WhiteElo "1005"]
[BlackElo "1200"]
[Annotator "P. Schulenburg"]
[PlyCount "89"]
[EventDate "2007.??.??"]
[Source "SG Dortmund"]
[SourceDate "2004.12.16"]

1. d4 d5 2. e4 dxe4 3. Nc3 Bf5 4. f3 Nf6 5. Be3 e6 6. fxe4 Nxe4 7. Nxe4 Bxe4 8.
Nf3 h6 9. Bd3 Bxd3 10. Qxd3 Be7 11. O-O Nd7 12. Kh1 c6 13. Rf2 Qc7 14. Raf1 Bd6
15. c3 Nf6 16. Rd2 Ng4 17. Bg1 O-O 18. Qe2 Rfe8 19. h3 Nf6 20. Bh2 Bxh2 21.
Nxh2 Rad8 22. Ng4 Nxg4 23. Qxg4 e5 24. a3 exd4 25. Rxd4 Rxd4 26. Qxd4 b6 27.
Qf2 Re6 28. b3 Rf6 29. Qe2 Rxf1+ 30. Qxf1 Qg3 31. Qc1 b5 32. b4 a6 33. Kg1 f5
34. Qd2 f4 35. Qd8+ Kh7 36. Qd2 Qe3+ 37. Qxe3 fxe3 38. Kf1 Kg6 39. Ke2 Kg5 40.
Kxe3 Kh4 41. Kf3 h5 42. Kf2 g5 43. Kf3 g4+ 44. hxg4 hxg4+ 45. Kf4 {und in diese
r fuer Weiss leicht gewonnenen Stellung einigte man sich auf ein Remis ...} (
45. Kf4 Kh5 46. g3 $18) (45. Kf4 g3 46. Kf3 $18) 1/2-1/2

[Event "61. BEM 2007"]
[Site "Dortmund"]
[Date "2007.03.06"]
[Round "5.33"]
[White "Schoppe, Hans-Werner"]
[Black "Jentzsch, Werner Wilfried"]
[Result "1-0"]
[WhiteElo "1178"]
[BlackElo "1423"]
[PlyCount "121"]
[EventDate "2007.??.??"]
[Source "SG Dortmund"]
[SourceDate "2004.12.16"]

1. d4 e6 2. e4 d5 3. exd5 exd5 4. Nf3 Nf6 5. Bg5 Be7 6. Be2 b6 7. O-O O-O 8. c3
c5 9. b3 Nbd7 10. Qc2 Bb7 11. Nbd2 Rc8 12. c4 dxc4 13. dxc5 cxb3 14. Nxb3 Nxc5
15. Nxc5 Rxc5 16. Qb2 Ne4 17. Be3 Bf6 18. Bd4 Qd6 19. Rad1 Qc6 20. Bd3 Ng5 21.
Ne1 Nh3+ 22. Kh1 Rg5 23. f3 Nf4 24. Be4 Qc4 25. Rf2 Rb5 26. Qd2 Bxd4 27. Qxd4
Qxd4 28. Rxd4 Bxe4 29. Rxe4 Rb1 30. g3 Nd3 31. Rf1 g6 32. Kg2 Rb2+ 33. Kg1 Nxe1
34. Rfxe1 Rxa2 35. g4 Rc8 36. R4e2 Rcc2 37. Rxc2 Rxc2 38. Re7 Ra2 39. Rd7 Ra1+
40. Kg2 Kg7 41. g5 Ra5 42. h4 b5 43. Kg3 a6 44. Kg4 Ra4+ 45. f4 b4 46. h5 gxh5+
47. Kxh5 a5 48. f5 Kf8 49. f6 Ke8 50. Re7+ Kd8 51. Rxf7 b3 52. Rf8+ Kd7 53.
Rf7+ Ke6 54. Re7+ Kd6 55. Rxh7 b2 56. f7 Ke7 57. g6 b1=Q 58. Kh6 Qc1+ 59. Kg7
Qc3+ 60. Kg8 Qc8+ 61. f8=Q+ 1-0

[Event "61. BEM 2007"]
[Site "Dortmund"]
[Date "2007.03.08"]
[Round "6.1"]
[White "Fiebig, Thomas"]
[Black "Schütte, Tobias"]
[Result "0-1"]
[WhiteElo "2331"]
[BlackElo "1886"]
[PlyCount "138"]
[EventDate "2007.??.??"]
[Source "SG Dortmund"]
[SourceDate "2004.12.16"]

1. e4 e6 2. d4 d5 3. Nc3 Bb4 4. e5 Ne7 5. Nf3 c5 6. Bd2 a6 7. Ne2 Bxd2+ 8. Qxd2
Nbc6 9. O-O-O Qc7 10. Kb1 Bd7 11. Qc3 c4 12. Ng3 b5 13. Nh5 Rg8 14. Qd2 h6 15.
c3 O-O-O 16. Nh4 Qb6 17. Be2 Kc7 18. f4 Rb8 19. Qc2 b4 20. Kc1 Qa5 21. Rhf1
Qxa2 22. Rf3 Na5 23. Qb1 Qa4 24. Kd2 bxc3+ 25. Rxc3 Nec6 26. Nf3 Qb4 27. Ke3
Qxb2 28. Qxb2 Rxb2 29. Ra1 Kb6 30. Bd1 Nb3 31. Bxb3 Rxb3 32. Kd2 Na5 33. Kc2
Be8 34. f5 Rxc3+ 35. Kxc3 Nb3 36. Ra2 a5 37. g4 a4 38. h3 Bd7 39. Nh4 Kb5 40.
Nf4 Ka5 41. Ra3 Rb8 42. Ne2 Rb4 43. Ng2 Kb5 44. Ne3 Na5 45. Nc1 g6 46. f6 Nc6
47. Ra1 Ka5 48. h4 Na7 49. Nc2 Nb5+ 50. Kd2 Rb2 51. Ne2 Rb3 52. g5 h5 53. Rf1
Rd3+ 54. Kc1 Na3 55. Na1 Be8 56. Kb2 Rd2+ 57. Kxa3 Rxe2 58. Rc1 Re4 59. Nc2
Rxh4 60. Ka2 Rh3 61. Na3 Kb4 62. Nc2+ Kc3 63. Kb1 Rh2 64. Rg1 Rd2 65. Rg3+ Rd3
66. Rg1 a3 67. Ne1 Re3 68. Ka2 Re2+ 69. Kxa3 Kxd4 0-1

[Event "61. BEM 2007"]
[Site "Dortmund"]
[Date "2007.03.08"]
[Round "6.2"]
[White "Watzlawek, Markus"]
[Black "Kartsev, Soel"]
[Result "0-1"]
[WhiteElo "1967"]
[BlackElo "2180"]
[PlyCount "76"]
[EventDate "2007.??.??"]
[Source "SG Dortmund"]
[SourceDate "2004.12.16"]

1. d4 Nf6 2. c4 c5 3. d5 b5 4. Nf3 g6 5. cxb5 a6 6. e3 d6 7. Nc3 Bg7 8. a4 O-O
9. Ra3 Nbd7 10. e4 Ng4 11. Bd2 e6 12. Be2 exd5 13. exd5 axb5 14. axb5 Bb7 15.
O-O Nb6 16. Qb3 Re8 17. Bc4 Qd7 18. Rfa1 Qf5 19. h3 Nf6 20. Rxa8 Bxa8 21. Ra6
Nfd7 22. Qa2 Bd4 23. Nxd4 cxd4 24. Na4 Qc2 25. Nxb6 Nxb6 26. b3 Qxa2 27. Rxa2
Bxd5 28. Bxd5 Nxd5 29. Bh6 f5 30. Rd2 Rb8 31. Rxd4 Rxb5 32. Rd3 Kf7 33. Kf1 Ke6
34. Ke2 Rb7 35. Kd2 Ra7 36. Kc1 Nb4 37. Re3+ Kd5 38. Bg7 Rxg7 0-1

[Event "61. BEM 2007"]
[Site "Dortmund"]
[Date "2007.03.08"]
[Round "6.3"]
[White "Zeldin, Vitali"]
[Black "Woestmann, Ulrich"]
[Result "0-1"]
[WhiteElo "1927"]
[BlackElo "1927"]
[PlyCount "86"]
[EventDate "2007.??.??"]
[Source "SG Dortmund"]
[SourceDate "2004.12.16"]

1. c4 Nf6 2. Nc3 d5 3. cxd5 Nxd5 4. e4 Nxc3 5. bxc3 g6 6. Nf3 Bg7 7. Bc4 O-O 8.
h3 c5 9. O-O Nc6 10. Rb1 b6 11. Bb2 Na5 12. Bd5 Rb8 13. a4 c4 14. d3 Ba6 15.
Bxc4 Nxc4 16. dxc4 Bxc4 17. Qxd8 Rfxd8 18. Rfe1 e5 19. Ba3 f6 20. Bb4 Bf8 21.
Nh2 Rd2 22. Ng4 Kf7 23. Rbd1 Rxd1 24. Rxd1 Ke6 25. Ne3 Bb3 26. Ra1 Kd7 27. Ra3
Be6 28. Bxf8 Rxf8 29. c4 Rc8 30. Nd5 Bxd5 31. cxd5 Rc4 32. a5 b5 33. f3 Ra4 34.
Rc3 Rxa5 35. Rc6 b4 36. Rxf6 b3 37. Rf7+ Kc8 38. Rf8+ Kc7 39. d6+ Kxd6 40. Rb8
Ra3 41. Kf1 Kc5 42. Ke1 Kc4 43. Rc8+ Kd3 0-1

[Event "61. BEM 2007"]
[Site "Dortmund"]
[Date "2007.03.08"]
[Round "6.4"]
[White "Tkachuk, Sergiy"]
[Black "Ziperstein, Jakob"]
[Result "1-0"]
[WhiteElo "2106"]
[BlackElo "1858"]
[PlyCount "97"]
[EventDate "2007.??.??"]
[Source "SG Dortmund"]
[SourceDate "2004.12.16"]

1. e4 g6 2. d4 Bg7 3. Nc3 d6 4. Bg5 Nd7 5. Nf3 c5 6. Qd2 a6 7. a4 Ngf6 8. Be2
h6 9. Bf4 cxd4 10. Qxd4 Nh5 11. Qd2 Nxf4 12. Qxf4 Bxc3+ 13. bxc3 Qa5 14. Qd2
Nc5 15. Qd4 O-O 16. O-O Bg4 17. e5 Bxf3 18. Bxf3 Ne6 19. Qe3 dxe5 20. Qxh6 Qxc3
21. Bxb7 Ra7 22. Be4 Rd7 23. Rae1 Qd2 24. Re3 Rd4 25. Qh4 Nf4 26. c3 Rd7 27.
Bf3 Qd6 28. g3 Ne6 29. Rfe1 Nc5 30. Rd1 Qf6 31. Qc4 Rxd1+ 32. Bxd1 Qd6 33. Bf3
Rb8 34. Re1 Qd3 35. Qxc5 Qxf3 36. Qxe5 Rd8 37. Qxe7 Rd2 38. Qe8+ Kg7 39. Qe3
Qxe3 40. Rxe3 Ra2 41. Re4 Kf6 42. Kg2 Kf5 43. Rc4 Ke5 44. Rc5+ Kd6 45. Ra5 Ra3
46. Rxa6+ Ke5 47. f4+ Kf5 48. Rc6 Rxa4 49. Kf3 1-0

[Event "61. BEM 2007"]
[Site "Dortmund"]
[Date "2007.03.08"]
[Round "6.5"]
[White "Kartsev, Alexandr"]
[Black "Tkachuk, Konstantyn"]
[Result "0-1"]
[WhiteElo "1835"]
[BlackElo "2090"]
[PlyCount "46"]
[EventDate "2007.??.??"]
[Source "SG Dortmund"]
[SourceDate "2004.12.16"]

1. d4 Nf6 2. Bg5 g6 3. Bxf6 exf6 4. g3 d5 5. Bg2 c6 6. e3 h5 7. Nd2 Be6 8. Ne2
f5 9. Nf4 Nd7 10. c4 Nf6 11. c5 h4 12. Nf3 Bc8 13. O-O hxg3 14. hxg3 Ne4 15.
Qd3 g5 16. Ne2 Qf6 17. b4 Qh6 18. Rfb1 Be7 19. b5 f4 20. exf4 Bh3 21. Nd2 Bxg2
22. Kxg2 Qh2+ 23. Kf3 g4+ 0-1

[Event "61. BEM 2007"]
[Site "Dortmund"]
[Date "2007.03.08"]
[Round "6.6"]
[White "Büchle, Manfred"]
[Black "Zelt, Jens"]
[Result "0-1"]
[WhiteElo "1851"]
[BlackElo "2063"]
[PlyCount "96"]
[EventDate "2007.??.??"]
[Source "SG Dortmund"]
[SourceDate "2004.12.16"]

1. e4 c6 2. d4 d5 3. exd5 cxd5 4. Nf3 a6 5. Bd3 g6 6. c3 Bg7 7. Bf4 Nf6 8. O-O
O-O 9. Re1 Re8 10. Nbd2 Nc6 11. h3 Qb6 12. Rb1 Bd7 13. Ne5 Rad8 14. Nb3 Bc8 15.
Nc5 Nd7 16. Nexd7 Bxd7 17. Na4 Qa7 18. Bc7 b5 19. Bxd8 bxa4 20. Bxe7 Nxe7 21.
a3 Qb6 22. Bc2 Qc6 23. Qd2 Bf8 24. Qg5 Kg7 25. Re3 Qf6 26. Qg3 Nf5 27. Bxf5
Rxe3 28. Qxe3 Bxf5 29. Re1 Bd6 30. Re2 h5 31. Qc1 Bd7 32. Qe3 Qf5 33. Re1 Bb5
34. Qd2 Bf4 35. Qd1 Qg5 36. Qf3 Bd6 37. Rd1 h4 38. Rb1 Qe7 39. Qxd5 Bb8 40. c4
Qc7 41. Qe5+ Qxe5 42. dxe5 Bxc4 43. Re1 Bd5 44. f4 Ba7+ 45. Kh2 Bf2 46. Rc1
Bg3+ 47. Kg1 Bxf4 48. Rc5 Be3+ 0-1

[Event "61. BEM 2007"]
[Site "Dortmund"]
[Date "2007.03.08"]
[Round "6.7"]
[White "Gitschel, Ralf"]
[Black "Begna, Bozidar"]
[Result "0-1"]
[WhiteElo "1831"]
[BlackElo "1953"]
[PlyCount "122"]
[EventDate "2007.??.??"]
[Source "SG Dortmund"]
[SourceDate "2004.12.16"]

1. d4 Nf6 2. Nf3 c5 3. d5 b5 4. Bg5 d6 5. Bxf6 exf6 6. e4 Qb6 7. c4 b4 8. a3 g6
9. axb4 Qxb4+ 10. Qd2 Qxd2+ 11. Kxd2 Na6 12. Nc3 Nc7 13. Bd3 Bh6+ 14. Kc2 Na6
15. Nb5 Kd7 16. Kc3 Bg7 17. Kd2 f5 18. exf5 Bxb2 19. Ra2 Bg7 20. fxg6 Bh6+ 21.
Kc3 hxg6 22. Re1 Bg7+ 23. Kd2 Bb7 24. Rb1 Bh6+ 25. Kc3 Bg7+ 26. Kd2 Bh6+ 27.
Kc3 Nb4 28. Re2 a6 29. Na3 Rhe8 30. Rbe1 Rxe2 31. Rxe2 Re8 32. Rxe8 Kxe8 33.
Bb1 Bc8 34. h3 Bd7 35. g4 Ba4 36. Bc2 Bd7 37. Ne1 Bc1 38. Nb1 a5 39. Nd3 Bg5
40. Na3 f5 41. f3 fxg4 42. hxg4 Bf6+ 43. Kd2 Ke7 44. Nxb4 axb4 45. Nb1 Bg5+ 46.
Ke2 Kf6 47. Nd2 Bxd2 48. Kxd2 g5 49. Ke3 Ke5 50. Bd1 Be8 51. Bc2 Bf7 52. Be4 b3
53. Bb1 Be8 54. Be4 Ba4 55. Kd3 Kf4 56. Kc3 Ke3 57. Kb2 Kd4 58. Ka3 Bd7 59.
Kxb3 Bc8 60. Kc2 Bxg4 61. Kd2 Bc8 0-1

[Event "61. BEM 2007"]
[Site "Dortmund"]
[Date "2007.03.08"]
[Round "6.8"]
[White "Starp, Klaus"]
[Black "Krause, Dieter"]
[Result "1-0"]
[WhiteElo "1936"]
[BlackElo "1824"]
[PlyCount "55"]
[EventDate "2007.??.??"]
[Source "SG Dortmund"]
[SourceDate "2004.12.16"]

1. e4 d5 2. exd5 Qxd5 3. Nc3 Qd8 4. d4 Nf6 5. Bd3 c6 6. Nge2 Bg4 7. f3 Bh5 8.
Be3 e6 9. Qd2 Bb4 10. a3 Be7 11. O-O Nbd7 12. Rad1 Nd5 13. Nxd5 cxd5 14. c4
dxc4 15. Bxc4 O-O 16. d5 Ne5 17. Bb3 exd5 18. Qxd5 Qxd5 19. Rxd5 Bf6 20. Nf4
Bg6 21. Bd4 Nc6 22. Bxf6 gxf6 23. h4 Rad8 24. g4 Rxd5 25. Bxd5 Rd8 26. Rc1 Nd4
27. Rc7 h5 28. Nxg6 1-0

[Event "61. BEM 2007"]
[Site "Dortmund"]
[Date "2007.03.08"]
[Round "6.9"]
[White "Gorzinski, Dariusz"]
[Black "Rossa, Daniel"]
[Result "1-0"]
[WhiteElo "1855"]
[BlackElo "1543"]
[PlyCount "91"]
[EventDate "2007.??.??"]
[Source "SG Dortmund"]
[SourceDate "2004.12.16"]

1. c4 c6 2. g3 d5 3. Bg2 Nf6 4. cxd5 cxd5 5. d4 Bf5 6. Nc3 e6 7. Nf3 Nc6 8. a3
Be7 9. Nh4 Bg6 10. Nxg6 hxg6 11. b4 a6 12. Bb2 b5 13. Qd3 Nd7 14. e4 Nb6 15.
exd5 exd5 16. Nxd5 Nxd5 17. Qe4 O-O 18. Qxd5 Qxd5 19. Bxd5 Nxd4 20. Bxd4 Rad8
21. Bxf7+ Kxf7 22. Rd1 Rd5 23. Be3 Rfd8 24. Ke2 Bf6 25. Rxd5 Rxd5 26. Rd1 Ke6
27. Rxd5 Kxd5 28. Kd3 Bb2 29. f3 Be5 30. Bd2 Bb2 31. Kc2 Bd4 32. Kb3 Bg1 33. h4
Bf2 34. Bf4 Kd4 35. Kc2 Be1 36. Kd1 Bc3 37. Kc2 Be1 38. Kd1 Bc3 39. Bc1 Kd3 40.
g4 Bd4 41. h5 gxh5 42. gxh5 Bf6 43. Bf4 Bb2 44. Bd6 Bf6 45. f4 Ke3 46. Be5 1-0